Verificación de la capacidad de muros de mampostería confinada reforzada al variar la relación de aspecto

Gorde:
Xehetasun bibliografikoak
Egile nagusia: Sánchez Vargas, Tara Natalia, 1994-
Beste egile batzuk: Hidalgo Leiva, Diego Antonio, 1984- Director del TFG
Formatua: Ezezaguna
Hizkuntza:Spanish
Argitaratua: [San José], Costa Rica 2019
Gaiak:
Etiketak: Etiketa erantsi
Etiketarik gabe, Izan zaitez lehena erregistro honi etiketa jartzen!

MARC

LEADER 00000 a2200000 4500
003 013170
005 20230309083234.0
008 140114s2019 cr a m 000 ||spa d
040 |c cru CEDI 
100 |a Sánchez Vargas, Tara Natalia, 1994-  |9 161 
245 |a Verificación de la capacidad de muros de mampostería confinada reforzada al variar la relación de aspecto  
260 |a [San José], Costa Rica  |c 2019 
500 |a Proyecto de graduación (licenciatura en ingeniería civil)--Universidad de Costa Rica. Facultad de Ingeniería. Escuela de Ingeniería Civil. Departamento. Estructuras 
501 |a Director de Proyecto de Graduación: Dr.-Ing. Diego Hidalgo Leiva  
650 |x MAMPOSTERIA   |x RESISTENCIA DE MATERIALES   |x ESFUERZO CORTANTE   |x CODIGO SISMICO  |x ESFUERZO Y TENSION   |x REFUERZO (CONSTRUCCION)   |x MUROS - DISEÑO Y CONSTRUCCION - COSTA RICA  
700 |9 160  |a Hidalgo Leiva, Diego Antonio, 1984-  |d Director del TFG 
942 |c CEDI  |h TFG 8320  |6 TFG_8320_000000000000000 
999 |c 12992  |d 12992